| 000 | 00608nam a2200193Ia 4500 | ||
|---|---|---|---|
| 003 | GCL | ||
| 008 | 140319s9999 xx 000 0 ara d | ||
| 040 |
_aGCL / _cGCL |
||
| 082 | 0 | 4 |
_a001.5 _bب ت |
| 100 | 1 | _aبورج، هنرى | |
| 245 | 1 | 0 |
_aتصفية الاستعمار الاعلامى / _cبورج، هنرى |
| 700 | 1 | _aالمنجى الصيادى | |
| 300 | _a112 ص | ||
| 490 |
_aالهيئة العامة للاستعلامات _v0 |
||
| 650 | 0 | 4 | _aالاعلام |
| 650 | 0 | 4 | _aحرية الصحافة |
| 650 | 0 | 4 | _aالنظام العالمى الجديد - الاعلام |
| 942 |
_2ddc _cBK |
||
| 999 |
_c48452 _d48452 |
||